Belvedere Meridionale 2. évf. (1990) 6. sz.

Elmentve itt :
Bibliográfiai részletek
További közreműködők: Annus Gábor
Kersner Ákos
Soós Mihály
Dokumentumtípus: Folyóirat
Megjelent: 1990
Sorozat:Belvedere Meridionale 2 No. 6
Kulcsszavak:Történettudomány - tanulmányok
Online Access:http://acta.bibl.u-szeged.hu/37291
LEADER 00628nas a2200193 i 4500
001 acta37291
005 20260224081030.0
008 161201s1990 hu o 000 hun d
040 |a SZTE Egyetemi Kiadványok Repozitórium  |b hun 
041 |a hun 
245 0 0 |a Belvedere Meridionale   |h [elektronikus dokumentum] :  |b 2. évf. (1990) 6. sz. 
260 |c 1990 
300 |a 19 
490 0 |a Belvedere Meridionale  |v 2 No. 6 
695 |a Történettudomány - tanulmányok 
700 0 1 |a Annus Gábor 
700 0 1 |a Kersner Ákos 
700 0 1 |a Soós Mihály 
856 4 0 |u http://acta.bibl.u-szeged.hu/37291/1/belvedere_1990_006.pdf  |z Dokumentum-elérés